| 000 | 00802nam a22001935i 4500 | ||
|---|---|---|---|
| 001 | 167615 | ||
| 003 | ES-MaACL | ||
| 005 | 20241115203444.0 | ||
| 008 | 991026s1900 ve |||| | spa d | ||
| 040 |
_aCCPB | B _bspa _cCCPB | B |
||
| 100 | 1 |
_aVillavicencio, Rafael. _9133761 |
|
| 245 | 1 | 0 | _aDiscursos leidos en la Academia Nacional de la Historia en la recepcion publica del Señor Dr. Rafael Villavicencio el 23 de mayo de 1900. |
| 260 |
_aCaracas : _b[s.n.], _c1900 ( _fImprenta Bolivar) |
||
| 300 |
_a48 p. ; _c23 cm. |
||
| 752 |
_aVenezuela - _dCaracas |
||
| 852 |
_aES-MaACL _jT-1002-F-2 _z-- Enc. hol. conservando la cub. origjnal _z-- Enc. en un vol. facticio _x-- Edic.: El tema del discurso es la evolución política y social de Venezuela |
||
| 942 | _2udc | ||
| 999 |
_c167615 _d167615 |
||